00410pab a2200133 454500008004000000100002200040245008400062260000900146300001300155362001000168650003600178650002800214773003400242180718b2017 xxu||||| |||| 00| 0 eng d aBanerjee, Sumanta aThe Indian public spellbound by false promises and roused by misdirected hatred c2017 ap.12-15. a5 Aug aIndia - Politics and government aPolitics and government aEconomic and Political Weekly